Aangileya Mattrum French Kaalaniya Thamizhathil Ozhippadakkalai Arimugamum Ozhippadath Thoguppugalum Samuga Thaakkamum, 1852-1899 (Record no. 177923)
[ view plain ]
| 000 -LEADER | |
|---|---|
| fixed length control field | 00465nam a22001697a 4500 |
| 005 - DATE AND TIME OF LATEST TRANSACTION | |
| control field | 20260618134734.0 |
| 020 ## - INTERNATIONAL STANDARD BOOK NUMBER | |
| ISBN | 9788198758255 |
| 041 ## - LANGUAGE CODE | |
| Language code of text/sound track or separate title | English |
| 082 ## - DEWEY DECIMAL CLASSIFICATION NUMBER | |
| Classification number | T16 R25 STE |
| 100 ## - MAIN ENTRY--AUTHOR NAME | |
| Personal name | Stephen Jeyaseela |
| 245 ## - TITLE STATEMENT | |
| Title | Aangileya Mattrum French Kaalaniya Thamizhathil Ozhippadakkalai Arimugamum Ozhippadath Thoguppugalum Samuga Thaakkamum, 1852-1899 |
| 250 ## - EDITION STATEMENT | |
| Edition statement | 01 |
| 260 ## - PUBLICATION, DISTRIBUTION, ETC. (IMPRINT) | |
| Place of publication | Chennai |
| Name of publisher | NCBH |
| Year of publication | 2025 |
| 300 ## - PHYSICAL DESCRIPTION | |
| Number of Pages | 156 |
| 365 ## - TRADE PRICE | |
| Price amount | 150.00 |
| 942 ## - ADDED ENTRY ELEMENTS (KOHA) | |
| Koha item type | Books |
| Withdrawn status | Lost status | Home library | Current library | Date acquired | Cost, normal purchase price | Full call number | Accession Number | Cost, replacement price | Department | Koha item type |
|---|---|---|---|---|---|---|---|---|---|---|
| PSG-CAS LIBRARY | PSG-CAS LIBRARY | 18/06/2026 | 150.00 | T16 R25 STE | 154443 | 150.00 | Tamil | Books | ||
| PSG-CAS LIBRARY | PSG-CAS LIBRARY | 18/06/2026 | 150.00 | T16 R25 STE | 154507 | 150.00 | Tamil | Books |